书目信息 |
| 题名: |
1~3岁宝宝养育全书
|
|
| 作者: | 戴淑凤 编著 | |
| 分册: | ||
| 出版信息: | 北京 北京出版社 2007.06 |
|
| 页数: | 201页 | |
| 开本: | 24cm | |
| 丛书名: | ||
| 单 册: | ||
| 中图分类: | R174 | |
| 科图分类: | ||
| 主题词: | 妇幼卫生 | |
| 电子资源: | ||
| ISBN: | 978-7-200-06704-0 | |
| 000 | 00816 nam 000253 | |
| 001 | 0100010216 | |
| 005 | 20100803164951.42 | |
| 010 | @a978-7-200-06704-0@dCNY39.80 | |
| 100 | @a20100801d1997 em y0chiy0121 ea | |
| 101 | @achi | |
| 102 | @aCN@b110000 | |
| 105 | @ay z 000yy | |
| 200 | 10 | @a1~3岁宝宝养育全书@A1~3 sui bao bao yang yu quan shu@f戴淑凤编著@Fdai shu feng bian zhu |
| 210 | @a北京@c北京出版社@d2007.06 | |
| 215 | @a201页@d24cm | |
| 300 | @a戴淑凤育儿百科汉竹·亲亲乐读系列 | |
| 330 | @a本书按年龄分为几个阶段介绍了宝宝的育儿要点及生长发育养护,分别为:1岁1-2个月、3-4个月、5-6个月等。 | |
| 540 | @a1~3岁宝宝养育全书 | |
| 606 | @a妇幼卫生 | |
| 690 | @aR174@v4 | |
| 701 | 0 | @a戴淑凤@Adai shu feng@4编著 |
| 801 | @aCN@bDYGS@c20100803 | |
| 901 | @a210902 | |
| 905 | @b971333-5@dR174@eD120-3@f3 | |
| 1~3岁宝宝养育全书/戴淑凤编著.-北京:北京出版社,2007.06 |
| 201页;24cm |
| 戴淑凤育儿百科汉竹·亲亲乐读系列 |
| ISBN 978-7-200-06704-0:CNY39.80 |
| 本书按年龄分为几个阶段介绍了宝宝的育儿要点及生长发育养护,分别为:1岁1-2个月、3-4个月、5-6个月等。 |
| ● |
| 相关链接 |
|
|
|
正题名:1~3岁宝宝养育全书
索取号:R174/D120-3
 
预约/预借
| 序号 | 登录号 | 条形码 | 馆藏地/架位号 | 状态 | 备注 |
| 1 | 971333 | 209713336 | 自科库401/401自科库 8排1列1层/ [索取号:R174/D120-3] | 在馆 | |
| 2 | 971334 | 209713345 | 自科库401/401自科库 8排1列1层/ [索取号:R174/D120-3] | 在馆 | |
| 3 | 971335 | 209713354 | 自科库401/401自科库 8排1列1层/ [索取号:R174/D120-3] | 在馆 |